| 000 | 01576nam0a2200313 4500 | ||
|---|---|---|---|
| 001 | RU\NLR\bibl\9148 | ||
| 005 | 20260406050727.0 | ||
| 021 |
_aRU _b98-12037 _9568 |
||
| 035 | _a(NLR Aleph) 000008945 | ||
| 090 |
_a28886 _c28886 |
||
| 100 | _a19981202d1998 |||y0rusy50 ca | ||
| 101 | 0 | _arus | |
| 102 | _aRU | ||
| 105 | _a||||||||||||| | ||
| 200 | 1 |
_aГосударственное управление СССР в годы Великой Отечественной войны (1941-1945 гг.) _eУчеб. пособие _fВ. А. Ежов _gСев.-Зап. акад. гос. службы. Каф. истории и мировой политики |
|
| 210 |
_aСПб. _cНестор _d1998 |
||
| 215 |
_a42 с. _d20 |
||
| 300 | _aНа обороте тит. л. авт.: В. А. Ежов д.и.н., проф. | ||
| 320 | _aБиблиогр.: с. 41 и в подстроч. примеч. | ||
| 606 | 0 |
_aВеликая Отечественная война _jРуководства, пособия и т.п. _z1941 - 1945 _9903571 _3RU\NLR\auth\668893 |
|
| 607 |
_aСССР _jРуководства, пособия и т.п. _xГосударственное управление _z1941 - 1945 _91592521 _3RU\NLR\auth\66998758 |
||
| 686 | _aТ3(2)722.9-31я7 | ||
| 700 | 1 |
_4070 _8rus _7ca _aЕжов _bВ. А. _cд-р ист. наук _f1929-2000 _gВиктор Анатольевич _3RU\NLR\auth\776153 _9116108 |
|
| 801 | 0 |
_aRU _bNLR _c19981202 _gPSBO |
|
| 801 | 1 |
_aRU _bNLR _c19981202 |
|
| 830 | _aАвт. раскрыт по кн. | ||
| 852 |
_aNLR _j98-4/2654 |
||
| 942 | _cBOOK | ||
| 980 | _aNB | ||